000 01312cad a22001935a 4500
001 L154196
008 111028s2011 xxk f 000 0 eng d
035 _a(Sirsi) u154196
041 0 _aeng
110 2 _aErnst & Young
_94001
245 0 0 _aMaking energy efficiency your business
_bunderstanding the potential of the non-domestic Green Deal
_h[electronic resource]
260 _aErnst & Young
_c2011
520 _aHighlights the issues facing the Green Deal in the private sector. Just a 10% take up of the Green Deal in non-domestic markets could equate to a market of up to £800m by 2020 and around 5% in carbon savings. Mentions three challenges that need to be addressed to develop a successful non domestic Green Deal; low take up, how participants can consider different designs across various groups and how to target financial incentives across landlords and tenants.
590 _aKA NTK
651 4 _aUnited Kingdom
_y
690 _aENVIRONMENTAL AND LAND CONSULTANCY-ENERGY-ENERGY USE-ENERGY EFFICIENCY
856 4 0 _uhttps://www.ey.com/Publication/vwLUAssets/Making_energy_efficiency_your_business_-_Understanding_the_potential_of_the_non-domestic_Green_Deal/$FILE/EY_Making_energy_efficiency_your_business_-_Non_domestic_Green_Deal.pdf
_zView the item free of charge at www.ey.com
942 _n0
999 _c112882
_d112882